书目信息 |
| 题名: |
当铺与质库
|
|
| 作者: | 喻淑珊 编著 | |
| 分册: | ||
| 出版信息: | 长春 吉林文史出版社 2009.12 |
|
| 页数: | 120页 | |
| 开本: | 23cm | |
| 丛书名: | 中国文化知识读本 | |
| 单 册: | ||
| 中图分类: | F832.38 | |
| 科图分类: | ||
| 主题词: | 典当行--经济史--中国 | |
| 电子资源: | ||
| ISBN: | 978-7-5463-1708-3 | |
| 000 | 00928nam 2200265 450 | |
| 001 | 004733366 | |
| 005 | 20100811082657.78 | |
| 010 | @a978-7-5463-1708-3@dCNY22.00 | |
| 100 | @a20100515d2009 em y0chiy50 ea | |
| 101 | 0 | @achi |
| 102 | @aCN@b220000 | |
| 105 | @aa z 000yy | |
| 200 | 1 | @a当铺与质库@Adang pu yu zhi ku@f喻淑珊编著@Fyu shu shan bian zhu |
| 205 | @a第2版 | |
| 210 | @a长春@c吉林文史出版社@d2009.12 | |
| 215 | @a120页@c图@d23cm | |
| 225 | 2 | @a中国文化知识读本@f金开诚主编 |
| 330 | @a本书介绍我国的当铺的历史发展沿革,内容包括:当铺史话,宋、金、元时期当铺行业的发展,当铺的经营习惯,当铺与宋、元社会,当铺的作用,当铺的后世沿革。 | |
| 410 | 0 | @12001 @a中国文化知识读本@1701 0@a金开诚主编@Ajin kai cheng zhu bian |
| 410 | 0 | @12001@a中国文化知识读本 |
| 606 | 0 | @a典当行@x经济史@y中国 |
| 690 | @aF832.38@v4 | |
| 701 | 0 | @a喻淑珊@Ayu shu shan@4编著 |
| 801 | @c20100515 | |
| 905 | @dF832.38@eY860=2@f5 | |
| 当铺与质库/喻淑珊编著.-第2版.-长春:吉林文史出版社,2009.12 |
| 120页:图;23cm.-(中国文化知识读本/金开诚主编) |
| ISBN 978-7-5463-1708-3:CNY22.00 |
| 本书介绍我国的当铺的历史发展沿革,内容包括:当铺史话,宋、金、元时期当铺行业的发展,当铺的经营习惯,当铺与宋、元社会,当铺的作用,当铺的后世沿革。 |
| ● |
| 相关链接 |
|
|
|
正题名:当铺与质库
索取号:F832.38/Y860=2
 
预约/预借
| 序号 | 登录号 | 条形码 | 馆藏地/架位号 | 状态 | 备注 |
| 1 | 1020699 | 210206999 | 社科库409/409社科库 54排2列5层/ [索取号:F832.38/Y860=2] | 在馆 | |
| 2 | 1020700 | 210207006 | 社科库409/422社科库 33排3列4层/ [索取号:F832.38/Y860=2] | 在馆 | |
| 3 | 1020701 | 210207015 | 社科库409/422社科库 33排3列4层/ [索取号:F832.38/Y860=2] | 在馆 | |
| 4 | 1020702 | 210207024 | 社科库409/409社科库 54排2列5层/ [索取号:F832.38/Y860=2] | 在馆 | |
| 5 | 1020703 | 210207033 | 社科库409/422社科库 33排3列4层/ [索取号:F832.38/Y860=2] | 在馆 |